000
00253 a2200109 4500
001
32355
090
_c
21733
_d
21733
100
_a
Loman, Earls
245
_a
Turbomachinery; basic theory and applications, 2/e
250
_a
2
260
_a
N.Y
_b
Marcel Dekker
_c
1993
942
_a
NUST-CAE
999
_c
267428
_d
267428